Every Stadium to Host a European Final - Statistics

General Stats
  • This quiz has been taken 5 times
  • The average score is 11 of 82
Answer Stats
Year Answer % Correct
1982 New Wembley
100%
1977 Old Trafford
100%
1981 Allianz Arena
80%
1992 Anfield
80%
1973 Camp Nou
80%
1965 San Siro
80%
1957 Santiago Bernabeu
80%
1976 Stade de France
60%
1960 Hampden Park
40%
1958 King Baudouin Stadium
40%
1956 Parc des Princes
40%
1969 Stadio Olimpico
40%
Aviva Stadium
20%
1964 Ernst Happel Stadion
20%
1983 Estadio da Luz
20%
1987 Estadio do Dragao
20%
1972 Estadio Ramon Sanchez Pizjuan
20%
Etihad
20%
1988 Olympiastadion Berlin
20%
1970 Olympiastadion Munich
20%
2001 Philips Stadion
20%
1989 Puskas Arena
20%
1999 San Mames
20%
2020 Westfalenstadion
20%
1991 White Hart Lane
20%
Wroclaw Stadium
20%
Agia Sophia Stadium
0%
1962 Amsterdam Olympic Stadium
0%
Arena Kombetare
0%
Arena Nationala
0%
1959 Arena Stuttgart
0%
2000 Armand Cesari
0%
1979 Ataturk Olympic Stadium
0%
1971 Athens Olympic Stadium
0%
Baku Olympic Stadium
0%
2016 BayArena
0%
Besiktas Stadium
0%
1993 Bokbelstadion
0%
2010 Constant Vanden Stock
0%
1967 De Kuip
0%
1996 Diekman Stadion
0%
2015 Estadi de Sarria
0%
Estadio Jose Alvalade
0%
1966 Estadio Nacional
0%
1986 Estadio Wanda Metripolitano
0%
Fortuna Arena
0%
Friends Arena
0%
1997 Jan Breydel
0%
1975 Johan Cruyff Arena
0%
Juventus Stadium
0%
1980 Luzhniki Stadium
0%
1984 Millennium Stadium
0%
1990 Molineux
0%
National Stadium
0%
2006 Nya Ullevi
0%
1963 Old Wembley
0%
1985 Olimpisky Stadium
0%
2024 Parc Lescure
0%
Parc Olympique
0%
Parken Stadium
0%
1994 Parkstadion
0%
2004 Portman Road
0%
Red Bull Arena
0%
RheinEnergieStadion
0%
1995 Rheinstadion
0%
Sevilla Olympic Stadium
0%
2011 Sostoi Stadium
0%
1998 Stadio Comunale
0%
2019 Stadio delle Alpi
0%
2002 Stadio Ennio Tardini
0%
Stadion Gdansk
0%
1968 Stadion Rajko Mitic
0%
2018 Stadio Partenio
0%
1974 Stadio San Nicola
0%
2017 Stadio San Paolo
0%
St Jakob Park
0%
Sukru Saracoglu Stadium
0%
2014 Tannadice Park
0%
1978 Veltins Arena
0%
2007 Volksparkstadion
0%
2003 Waldstadion
0%
1961 Wankdorf
0%
No matching quizzes found
Score Distribution
Percent of People with Each Score
Percentile by Number Answered
Your Score History
You have not taken this quiz